Subjekty a objekty tržní ekonomiky APK.

Tri vyhranené skupiny subjektov, ktoré vstupujú do trhových vzťahov APK. Formovanie podmienok jednotlivých subsystémov trhu APK podnikateľskou sférou. Hlavné poslanie sféry finálnych maloobchodných spotrebiteľov a makrosféry. Skupiny trhových objektov v rámci APK.

Salvato in:
Dettagli Bibliografici
Autore principale: Linhart, K.
Altri autori: Janda, Karel
Natura: Capitolo di libro
Lingua:ceco
Soggetti:
Tags: Aggiungi Tag
Nessun Tag, puoi essere il primo ad aggiungerne!!

MARC

LEADER 00000naa a2200000 4500
001 r001841
005 20221125075914.5
041 0 |a cze 
044 |a [CS] 
245 1 0 |a Subjekty a objekty tržní ekonomiky APK.  |c K. Linhart, Karel Janda 
520 |a Tri vyhranené skupiny subjektov, ktoré vstupujú do trhových vzťahov APK. Formovanie podmienok jednotlivých subsystémov trhu APK podnikateľskou sférou. Hlavné poslanie sféry finálnych maloobchodných spotrebiteľov a makrosféry. Skupiny trhových objektov v rámci APK. 
610 2 0 |a hospodárstvo trhové 
610 2 0 |a komplex poľnohospodársko-priemyselný 
610 2 0 |a trh práce 
610 2 0 |a pôda poľnohospodárska 
610 2 0 |a metóda vzťahov medziodvetvových 
610 2 0 |a trh finančný 
100 1 |a Linhart, K. 
700 1 |a Janda, Karel